[Event "EU-Cup 34th"]
[Site "Porto Carras"]
[Date "2018.10.12"]
[Round "1.4"]
[White "Drzasga, Michael"]
[Black "Petursson, Margeir"]
[Result "0-1"]
[WhiteElo "2042"]
[BlackElo "2486"]
[PlyCount "74"]
[EventDate "2018.10.12"]
[EventType "team-swiss"]
[EventRounds "7"]
[EventCountry "GRE"]
[SourceTitle "CBM 187"]
[Source "ChessBase"]
[SourceDate "2018.12.11"]
[SourceVersion "1"]
[SourceVersionDate "2018.12.11"]
[SourceQuality "1"]
[WhiteTeam "Echternach Sprenger"]
[BlackTeam "Reykjavik"]
[WhiteTeamCountry "LUX"]
[BlackTeamCountry "ISL"]

1. d4 Nf6 2. c4 e6 3. Nc3 Bb4 4. Qc2 c5 5. e3 b6 6. Nf3 Bb7 7. a3 Bxc3+ 8. Qxc3 0-0 9. Bd3 Ne4 10. Qc2 f5 11. 0-0 Rf6 12. Ne1 Rh6 13. f3 Qh4 14. h3 Ng3 15. Rf2 Nc6 16. f4 cxd4 17. Nf3 Qf6 18. Kh2 Rg6 19. e4 fxe4 20. Bxe4 Nb4 21. axb4 Nxe4 22. Re2 Ng3 23. Rf2 Nf5 24. Ne5 Rg3 25. Ra3 Qh4 26. Nf3 Qh5 27. Qe2 a5 28. bxa5 Rxa5 29. Nxd4 Qxe2 30. Nxe2 Rgxa3 31. bxa3 Rc5 32. g4 Nd6 33. Be3 Rxc4 34. Bxb6 Ne4 35. Rf3 Rc2 36. Re3 Nf6 37. Bd4 Ba6 0-1

[Event "Ruhrgebiet Verbandsklasse Gruppe 3 1617"]
[Site "Germany"]
[Date "2017.02.19"]
[Round "7.3"]
[White "Schulze Bisping, Franz Adolf"]
[Black "Drzasga, Michael"]
[Result "1/2-1/2"]
[WhiteElo "1854"]
[BlackElo "1970"]
[PlyCount "48"]
[EventDate "2016.09.04"]
[EventType "team-tourn"]
[EventRounds "9"]
[EventCountry "GER"]
[SourceTitle "EXT 2022"]
[Source "ChessBase"]
[SourceDate "2021.10.06"]
[SourceVersion "1"]
[SourceVersionDate "2021.10.06"]
[SourceQuality "1"]
[WhiteTeam "Erkenschwick II"]
[BlackTeam "Hoentrop SG"]
[WhiteTeamCountry "GER"]
[BlackTeamCountry "GER"]

1. d4 d5 2. c4 e6 3. Nc3 Nf6 4. Bg5 Nbd7 5. cxd5 exd5 6. e3 c6 7. Bd3 Be7 8. Qc2 0-0 9. Nge2 Re8 10. 0-0 Nf8 11. f3 Nh5 12. Bxe7 Qxe7 13. e4 Be6 14. e5 f5 15. Bxf5 Qg5 16. Bxe6+ Nxe6 17. Qc1 Qg6 18. Qd2 Rf8 19. Rad1 Rf7 20. Kh1 Raf8 21. Qe3 Nhf4 22. Nxf4 Nxf4 23. g3 Ne6 24. f4 h5 1/2-1/2

[Event "Ruhrgebiet Verbandsklasse Gruppe 3 1617"]
[Site "Germany"]
[Date "2016.11.27"]
[Round "4.3"]
[White "Drzasga, Michael"]
[Black "Balke, Heinrich Christian"]
[Result "1-0"]
[WhiteElo "1967"]
[BlackElo "1811"]
[PlyCount "77"]
[EventDate "2016.09.04"]
[EventType "team-tourn"]
[EventRounds "9"]
[EventCountry "GER"]
[SourceTitle "EXT 2022"]
[Source "ChessBase"]
[SourceDate "2021.10.06"]
[SourceVersion "1"]
[SourceVersionDate "2021.10.06"]
[SourceQuality "1"]
[WhiteTeam "Hoentrop SG"]
[BlackTeam "Recklinghausen Laeufer Ost"]
[WhiteTeamCountry "GER"]
[BlackTeamCountry "GER"]

1. d4 Nf6 2. c4 g6 3. Nc3 d5 4. Bg5 Ne4 5. Nxe4 dxe4 6. Qd2 Bg7 7. 0-0-0 c6 8. Bh6 0-0 9. h4 Bf5 10. h5 e3 11. Bxe3 gxh5 12. Nh3 b5 13. Nf4 bxc4 14. Rxh5 Bg6 15. Nxg6 fxg6 16. Rc5 Na6 17. Rxc4 Qd5 18. Ra4 Rab8 19. Rxa6 Qc4+ 20. Kb1 Qxa6 21. Bg5 Qb7 22. e4 c5 23. Bc4+ Kh8 24. Bd5 Qd7 25. Bf4 Rb6 26. Bh6 e6 27. Bxg7+ Kxg7 28. dxc5 Ra6 29. Qc3+ Rf6 30. Bb3 Qc7 31. Ba4 Rxa4 32. c6 Qf4 33. f3 Rxe4 34. fxe4 Qxe4+ 35. Ka1 Qe2 36. Re1 Qa6 37. Rxe6 Qf1+ 38. Re1 Qa6 39. Re7+ 1-0

[Event "EU-Cup 32nd"]
[Site "Novi Sad"]
[Date "2016.11.08"]
[Round "3.3"]
[White "Mejdini, Murat"]
[Black "Drzasga, Michael"]
[Result "1/2-1/2"]
[WhiteElo "1989"]
[BlackElo "2058"]
[PlyCount "106"]
[EventDate "2016.11.06"]
[EventType "team-swiss"]
[EventRounds "7"]
[EventCountry "SRB"]
[SourceTitle "CBM 176"]
[Source "ChessBase"]
[SourceDate "2017.01.17"]
[SourceVersion "1"]
[SourceVersionDate "2017.01.17"]
[SourceQuality "1"]
[WhiteTeam "Butrinti"]
[BlackTeam "Echternach Sprenger"]
[WhiteTeamCountry "ALB"]
[BlackTeamCountry "LUX"]

1. d4 f5 2. Bf4 Nf6 3. e3 d6 4. Nf3 g6 5. Nbd2 Bg7 6. c3 h6 7. h4 Nbd7 8. Qc2 e6 9. e4 Nh5 10. Bh2 Ndf6 11. e5 Ng4 12. exd6 Nxh2 13. Rxh2 cxd6 14. g4 Nf6 15. gxf5 gxf5 16. 0-0-0 Bd7 17. Re1 Qa5 18. Bc4 d5 19. Bb3 0-0-0 20. Ne5 Ng4 21. Rg2 Bxe5 22. dxe5 Qc5 23. Nf3 Kb8 24. Nd4 Qe7 25. Rh1 Rhg8 26. Qe2 h5 27. f3 Nh6 28. Bd1 Rxg2 29. Qxg2 Rg8 30. Qd2 Qg7 31. f4 Ng4 32. Nf3 Qf8 33. Qd4 Qd8 34. Ng5 Qa5 35. Bb3 Qb5 36. Re1 Rc8 37. Kb1 a5 38. Nf7 Qc5 39. Qxc5 Rxc5 40. Nd6 Kc7 41. Bd1 a4 42. Bxg4 fxg4 43. Kc2 Ra5 44. Kd3 Ra8 45. Ke3 Rg8 46. Rg1 Rf8 47. b4 b5 48. a3 Kc6 49. Rd1 Kc7 50. Rd4 Kc6 51. Kf2 Kc7 52. Kg3 Kc6 53. Rd2 Be8 1/2-1/2

[Event "Ruhrgebiet Verbandsklasse Gruppe 3 1617"]
[Site "Germany"]
[Date "2016.09.04"]
[Round "1.3"]
[White "Schmitz, Edgar"]
[Black "Drzasga, Michael"]
[Result "1-0"]
[WhiteElo "1918"]
[BlackElo "1966"]
[PlyCount "39"]
[EventDate "2016.09.04"]
[EventType "team-tourn"]
[EventRounds "9"]
[EventCountry "GER"]
[SourceTitle "EXT 2022"]
[Source "ChessBase"]
[SourceDate "2021.10.06"]
[SourceVersion "1"]
[SourceVersionDate "2021.10.06"]
[SourceQuality "1"]
[WhiteTeam "Katernberg SF IV"]
[BlackTeam "Hoentrop SG"]
[WhiteTeamCountry "GER"]
[BlackTeamCountry "GER"]

1. e4 e5 2. Nf3 Nc6 3. d4 exd4 4. Nxd4 Nxd4 5. Qxd4 Qf6 6. Be3 Qxd4 7. Bxd4 Nf6 8. Nc3 Be7 9. e5 Ng4 10. Nd5 Bd8 11. Be2 Nh6 12. 0-0-0 Nf5 13. Bc3 0-0 14. g4 Ne7 15. f4 Nxd5 16. Rxd5 f6 17. Bc4 Kh8 18. Re1 fxe5 19. Rdxe5 d5 20. Re8 1-0

[Event "Ruhrgebiet Verbandsliga Gruppe 1 1516"]
[Site "Germany"]
[Date "2016.04.24"]
[Round "9.3"]
[White "Drzasga, Michael"]
[Black "Ganzer, Uwe"]
[Result "0-1"]
[WhiteElo "1991"]
[BlackElo "2118"]
[PlyCount "66"]
[EventDate "2015.09.06"]
[EventType "team-tourn"]
[EventRounds "9"]
[EventCountry "GER"]
[SourceTitle "EXT 2022"]
[Source "ChessBase"]
[SourceDate "2021.10.06"]
[SourceVersion "1"]
[SourceVersionDate "2021.10.06"]
[SourceQuality "1"]
[WhiteTeam "Hoentrop SG"]
[BlackTeam "Dortmund SV"]
[WhiteTeamCountry "GER"]
[BlackTeamCountry "GER"]

1. d4 Nf6 2. c4 c5 3. e3 e6 4. Nc3 cxd4 5. exd4 d5 6. Nf3 Bb4 7. Bd2 dxc4 8. Bxc4 Nc6 9. a3 Be7 10. Bf4 0-0 11. 0-0 a6 12. b4 b5 13. Bb3 Qb6 14. Qd3 Rd8 15. Rfd1 Bb7 16. Ne2 a5 17. bxa5 Nxa5 18. Bc2 Be4 19. Qd2 Nc4 20. Qc1 Bxc2 21. Qxc2 Nxa3 22. Qb3 Rdc8 23. Rdc1 Qd8 24. Ne5 Rxc1+ 25. Bxc1 Qd5 26. Qc3 b4 27. Nc6 Bf8 28. Nxb4 Qb5 29. Bxa3 Qxe2 30. Rf1 Nd5 31. Qc2 Nf4 32. g3 Rxa3 33. Qc8 Qxf1+ 0-1

[Event "Ruhrgebiet Verbandsliga Gruppe 1 1415"]
[Site "Germany"]
[Date "2014.12.14"]
[Round "4"]
[White "Schaefer, Michael"]
[Black "Drzasga, Michael"]
[Result "0-1"]
[WhiteElo "1690"]
[BlackElo "1952"]
[PlyCount "68"]
[EventDate "2014.09.21"]
[EventType "team-tourn"]
[EventRounds "9"]
[EventCountry "GER"]
[SourceTitle "EXT 2022"]
[Source "ChessBase"]
[SourceDate "2021.10.06"]
[SourceVersion "1"]
[SourceVersionDate "2021.10.06"]
[SourceQuality "1"]
[WhiteTeam "Herne Sodingen II"]
[BlackTeam "Hoentrop SG"]
[WhiteTeamCountry "GER"]
[BlackTeamCountry "GER"]

1. d4 d5 2. Nf3 e6 3. Bf4 c5 4. e3 Nc6 5. c3 Nf6 6. Ne5 Nxe5 7. Bxe5 Nd7 8. Bg3 Be7 9. Be2 0-0 10. 0-0 a6 11. Nd2 b6 12. Rc1 c4 13. Bf3 b5 14. e4 Bb7 15. exd5 Bxd5 16. Bxd5 exd5 17. Re1 Nb6 18. Nf3 Re8 19. Rc2 Bf8 20. Rce2 Qd7 21. Qc2 f6 22. h3 Rxe2 23. Qxe2 Kf7 24. Qc2 g6 25. Qd2 Re8 26. Rxe8 Qxe8 27. Qf4 Na4 28. Ng5+ Kg7 29. Qc7+ Qe7 30. Ne6+ Kf7 31. Qxe7+ Bxe7 32. Nc7 Nxb2 33. f3 b4 34. Be1 b3 0-1

[Event "Ruhrgebiet Verbandsliga Gruppe 1 1415"]
[Site "Germany"]
[Date "2014.10.19"]
[Round "2"]
[White "Kucheyda, Joerg"]
[Black "Drzasga, Michael"]
[Result "1/2-1/2"]
[WhiteElo "1966"]
[BlackElo "1937"]
[PlyCount "35"]
[EventDate "2014.09.21"]
[EventType "team-tourn"]
[EventRounds "9"]
[EventCountry "GER"]
[SourceTitle "EXT 2022"]
[Source "ChessBase"]
[SourceDate "2021.10.06"]
[SourceVersion "1"]
[SourceVersionDate "2021.10.06"]
[SourceQuality "1"]
[WhiteTeam "Gladbeck SG"]
[BlackTeam "Hoentrop SG"]
[WhiteTeamCountry "GER"]
[BlackTeamCountry "GER"]

1. d4 d5 2. c4 c6 3. Nc3 e6 4. Nf3 Nf6 5. Bg5 Nbd7 6. e3 Qa5 7. Bxf6 Nxf6 8. Nd2 Be7 9. a3 0-0 10. Be2 Qc7 11. f4 dxc4 12. Bf3 Nd5 13. Nxc4 b5 14. Nxd5 cxd5 15. Ne5 b4 16. Rc1 Qb7 17. a4 Bd7 18. Nxd7 1/2-1/2

[Event "NRW Verbandsliga Group1 1314"]
[Site "Nordrheinwestfalen"]
[Date "2014.03.02"]
[Round "8.4"]
[White "Hein, Erwin"]
[Black "Drzasga, Michael"]
[Result "0-1"]
[WhiteElo "2018"]
[BlackElo "1977"]
[PlyCount "76"]
[EventDate "2013.09.08"]
[EventType "team-tourn"]
[EventRounds "9"]
[EventCountry "GER"]
[SourceTitle "EXT 2020"]
[Source "ChessBase"]
[SourceDate "2019.10.17"]
[SourceVersion "1"]
[SourceVersionDate "2019.10.17"]
[SourceQuality "1"]
[WhiteTeam "Dortmund FS 98"]
[BlackTeam "Hoentrop SG"]
[WhiteTeamCountry "GER"]
[BlackTeamCountry "GER"]

1. Nf3 d5 2. d4 e6 3. c4 c6 4. e3 f5 5. Nc3 Nf6 6. Bd3 Be7 7. 0-0 0-0 8. Qc2 Ne4 9. Ne5 Nd7 10. f3 Nxe5 11. dxe5 Nxc3 12. Qxc3 Qb6 13. Kh1 Bd7 14. Bd2 Bc5 15. b4 Bxe3 16. c5 Bxd2 17. Qxd2 Qc7 18. f4 a5 19. a3 Ra7 20. Qc3 Rfa8 21. Rfb1 axb4 22. axb4 b5 23. h3 Ra4 24. Bc2 R4a7 25. Rg1 Be8 26. g4 Bg6 27. Rxa7 Qxa7 28. gxf5 exf5 29. e6 Qa3 30. Bb3 d4 31. e7+ Kh8 32. Qxd4 Qxb3 33. Qd8+ Be8 34. Rd1 Qxh3+ 35. Kg1 Qg4+ 36. Kf1 Qh5 37. Kf2 Ra2+ 38. Rd2 Rxd2+ 0-1

[Event "NRW Verbandsliga Group1 1314"]
[Site "Nordrheinwestfalen"]
[Date "2014.01.26"]
[Round "6.4"]
[White "Wagner, Norbert"]
[Black "Drzasga, Michael"]
[Result "1/2-1/2"]
[WhiteElo "2017"]
[BlackElo "1977"]
[PlyCount "100"]
[EventDate "2013.09.08"]
[EventType "team-tourn"]
[EventRounds "9"]
[EventCountry "GER"]
[SourceTitle "EXT 2020"]
[Source "ChessBase"]
[SourceDate "2019.10.17"]
[SourceVersion "1"]
[SourceVersionDate "2019.10.17"]
[SourceQuality "1"]
[WhiteTeam "Doppelbauer Brambauer"]
[BlackTeam "Hoentrop SG"]
[WhiteTeamCountry "GER"]
[BlackTeamCountry "GER"]

1. d4 d5 2. c3 Bf5 3. Bf4 e6 4. Nf3 Bd6 5. Bg3 Nf6 6. e3 Ne4 7. Nh4 Nxg3 8. hxg3 Bxb1 9. Qxb1 Qe7 10. f4 Nd7 11. Bd3 0-0-0 12. Qc2 f5 13. Nf3 Nf6 14. 0-0-0 c5 15. Qe2 c4 16. Bc2 Kb8 17. Ne5 Rc8 18. Rh4 Rhd8 19. Rdh1 h5 20. Bd1 Qe8 21. Rxh5 Nxh5 22. Qxh5 Qxh5 23. Rxh5 Bxe5 24. dxe5 Rh8 25. g4 g6 26. Rg5 Rcg8 27. gxf5 gxf5 28. g4 Rxg5 29. fxg5 Rg8 30. gxf5 Rxg5 31. f6 Rxe5 32. Bg4 Rxe3 33. Kd2 Re4 34. f7 Rf4 35. Bxe6 Kc7 36. Ke3 Rf6 37. Bxd5 b5 38. b3 cxb3 39. axb3 Kd6 40. c4 a5 41. Kd4 Rf4+ 42. Ke3 Rf6 43. Kd4 bxc4 44. Bxc4 Rf4+ 45. Ke3 Ke5 46. Bd5 Rf5 47. Bc4 Rf6 48. Kd3 Rf3+ 49. Ke2 Rf6 50. Ke3 Rf5 1/2-1/2

[Event "NRW Verbandsliga Group1 1314"]
[Site "Nordrheinwestfalen"]
[Date "2013.11.24"]
[Round "4.4"]
[White "Hinkmann, Jens"]
[Black "Drzasga, Michael"]
[Result "1/2-1/2"]
[WhiteElo "2017"]
[BlackElo "1977"]
[PlyCount "101"]
[EventDate "2013.09.08"]
[EventType "team-tourn"]
[EventRounds "9"]
[EventCountry "GER"]
[SourceTitle "EXT 2020"]
[Source "ChessBase"]
[SourceDate "2019.10.17"]
[SourceVersion "1"]
[SourceVersionDate "2019.10.17"]
[SourceQuality "1"]
[WhiteTeam "Bochum SC an der Uni"]
[BlackTeam "Hoentrop SG"]
[WhiteTeamCountry "GER"]
[BlackTeamCountry "GER"]

1. e4 d5 2. exd5 Qxd5 3. Nc3 Qd6 4. d4 Nf6 5. Nf3 a6 6. g3 Bg4 7. Bg2 Nc6 8. 0-0 0-0-0 9. d5 Nxd5 10. Nxd5 Qxd5 11. Qxd5 Rxd5 12. Ng5 Rc5 13. Nxf7 Rg8 14. Be3 Rf5 15. Ng5 h6 16. h3 Be2 17. Rfe1 Bc4 18. Ne4 e5 19. h4 g5 20. hxg5 hxg5 21. b3 Be6 22. g4 Rf4 23. Bxf4 gxf4 24. f3 Nd4 25. c3 Nc2 26. Rac1 Nxe1 27. Rxe1 Bg7 28. Ng5 Re8 29. Bf1 Bd5 30. c4 Bf6 31. cxd5 Bxg5 32. Bd3 Kd7 33. Kg2 Rh8 34. Rxe5 Bh4 35. Rh5 Rxh5 36. gxh5 Bg5 37. Bf5+ Kd6 38. Bc8 b6 39. Bb7 a5 40. Kf2 Kc5 41. Bc6 Kd4 42. Kg2 Ke5 43. Kh3 Bh6 44. Kg4 Kf6 45. Bb5 Ke5 46. Be8 Kf6 47. Bg6 Ke5 48. Be4 Kf6 49. Kh3 Ke5 50. Kg4 Kf6 51. Kh3 1/2-1/2

[Event "EU-Cup 29th"]
[Site "Rhodes"]
[Date "2013.10.25"]
[Round "6.6"]
[White "Drzasga, Michael"]
[Black "Rapaire, Jean Michel"]
[Result "1/2-1/2"]
[WhiteElo "2019"]
[BlackElo "1865"]
[PlyCount "81"]
[EventDate "2013.10.20"]
[EventType "team-swiss"]
[EventRounds "7"]
[EventCountry "GRE"]
[SourceTitle "CBM 157"]
[Source "ChessBase"]
[SourceDate "2013.11.12"]
[SourceVersion "1"]
[SourceVersionDate "2013.11.12"]
[SourceQuality "1"]
[WhiteTeam "Echternach Sprenger"]
[BlackTeam "Monte Carlo"]
[WhiteTeamCountry "LUX"]
[BlackTeamCountry "MNC"]

1. e4 d5 2. exd5 Qxd5 3. Nc3 Qa5 4. b4 Qb6 5. a3 c6 6. Bc4 Nf6 7. Nf3 e6 8. Qe2 Be7 9. 0-0 0-0 10. Ne5 Nbd7 11. Nxf7 Kxf7 12. Bxe6+ Ke8 13. Bb2 Qc7 14. Na4 b5 15. Nc3 Nb6 16. Bb3 Kd8 17. a4 bxa4 18. Nxa4 Bxb4 19. Be5 Qb7 20. Nxb6 axb6 21. Qd3+ Bd7 22. Rxa8+ Qxa8 23. Qg3 Re8 24. Bc7+ Kc8 25. Bxb6 Qb8 26. Qxg7 Qxb6 27. Qxf6 Bxd2 28. Qf7 h6 29. h3 Qd4 30. Qf3 Kc7 31. Qg3+ Qf4 32. Qd3 Re1 33. g3 Rxf1+ 34. Kxf1 Bxh3+ 35. Ke2 Bg4+ 36. f3 Qxf3+ 37. Qxf3 Bxf3+ 38. Kxf3 Kd6 39. Bf7 Ke5 40. Bg6 Bc1 41. Bd3 1/2-1/2

[Event "Ruhrgebiet Verbandsliga2 1213"]
[Site "Nordrheinwestfalen"]
[Date "2013.04.07"]
[Round "8"]
[White "Salzmann, Juergen"]
[Black "Drzasga, Michael"]
[Result "0-1"]
[WhiteElo "1868"]
[BlackElo "1969"]
[PlyCount "66"]
[EventDate "2012.09.02"]
[EventType "team-tourn"]
[EventRounds "9"]
[EventCountry "GER"]
[SourceTitle "EXT 2020"]
[Source "ChessBase"]
[SourceDate "2019.10.17"]
[SourceVersion "1"]
[SourceVersionDate "2019.10.17"]
[SourceQuality "1"]
[WhiteTeam "Mengede SG"]
[BlackTeam "Hoentrop SG"]
[WhiteTeamCountry "GER"]
[BlackTeamCountry "GER"]

1. e4 d5 2. exd5 Qxd5 3. Nc3 Qd6 4. Nf3 Nf6 5. d4 a6 6. Be2 Bg4 7. 0-0 Nc6 8. Be3 0-0-0 9. Ng5 Be6 10. Nf3 h6 11. Qc1 g5 12. Rd1 Bg4 13. a3 Bg7 14. Rb1 Nd7 15. d5 Nce5 16. Ne4 Qg6 17. Nxe5 Nxe5 18. Bxg4+ Nxg4 19. Nc5 Qd6 20. g3 Ne5 21. b4 b6 22. Nxa6 Qg6 23. Bxb6 cxb6 24. Qe3 Kb7 25. b5 Qf5 26. Kg2 g4 27. d6 Qf3+ 28. Qxf3+ gxf3+ 29. Kf1 Rxd6 30. Rxd6 exd6 31. Rd1 Nc4 32. a4 Bc3 33. Rd3 Re8 0-1

[Event "Luxembourg-chT 1213"]
[Site "Luxembourg"]
[Date "2013.03.03"]
[Round "10"]
[White "Drzasga, Michael"]
[Black "Ajdarpasic, Kemal"]
[Result "1-0"]
[WhiteElo "2016"]
[BlackElo "2031"]
[PlyCount "67"]
[EventDate "2012.10.??"]
[EventType "team-tourn"]
[EventRounds "10"]
[EventCountry "LUX"]
[SourceTitle "EXT 2017"]
[Source "ChessBase"]
[SourceDate "2016.10.25"]
[SourceVersion "1"]
[SourceVersionDate "2016.10.25"]
[SourceQuality "1"]

1. e4 e5 2. f4 exf4 3. Bc4 d6 4. d4 Qh4+ 5. Kf1 Bg4 6. Qd3 f3 7. Nxf3 Bxf3 8. Qxf3 Qf6 9. Nc3 Nc6 10. Be3 Qxf3+ 11. gxf3 a6 12. Rg1 h6 13. h4 Nf6 14. a3 Rd8 15. b4 Ne7 16. Bd3 c6 17. f4 Kd7 18. a4 d5 19. e5 Ne8 20. b5 axb5 21. axb5 Nc7 22. Ke2 cxb5 23. Nxb5 Nxb5 24. Bxb5+ Nc6 25. c4 Kc7 26. Rgd1 g5 27. cxd5 Rxd5 28. Bc4 Ra5 29. Rxa5 Nxa5 30. Bxf7 gxf4 31. Bxf4 Be7 32. d5 Rf8 33. e6+ Kd8 34. Rc1 1-0

[Event "Ruhrgebiet Verbandsliga2 1213"]
[Site "Nordrheinwestfalen"]
[Date "2012.12.02"]
[Round "4.5"]
[White "Drzasga, Michael"]
[Black "Berghaus, Matthias"]
[Result "1-0"]
[WhiteElo "1969"]
[BlackElo "1942"]
[PlyCount "51"]
[EventDate "2012.09.02"]
[EventType "team-tourn"]
[EventRounds "9"]
[EventCountry "GER"]
[SourceTitle "EXT 2020"]
[Source "ChessBase"]
[SourceDate "2019.10.17"]
[SourceVersion "1"]
[SourceVersionDate "2019.10.17"]
[SourceQuality "1"]
[WhiteTeam "Hoentrop SG"]
[BlackTeam "Gerthe Werne"]
[WhiteTeamCountry "GER"]
[BlackTeamCountry "GER"]

1. d4 Nf6 2. c4 g6 3. Nc3 Bg7 4. e4 d6 5. f3 0-0 6. Be3 e5 7. d5 c6 8. Qd2 cxd5 9. cxd5 Nbd7 10. 0-0-0 Qa5 11. g4 Nc5 12. Kb1 Bd7 13. Nge2 b5 14. Ng3 b4 15. Nce2 Rfc8 16. h4 Ba4 17. b3 Nxb3 18. axb3 Bxb3 19. Rc1 Nxd5 20. exd5 e4 21. Bd4 exf3 22. Bxg7 fxe2 23. Bxe2 Bxd5 24. Bf6 Bxh1 25. Rxc8+ Rxc8 26. Qh6 1-0

[Event "Oberhausen op 5th"]
[Site "Oberhausen"]
[Date "1999.??.??"]
[Round "4"]
[White "Balduan, Markus"]
[Black "Drzasga, Michael"]
[Result "1-0"]
[WhiteElo "2323"]
[BlackElo "2080"]
[PlyCount "51"]
[EventDate "1999.??.??"]
[EventType "swiss"]
[EventRounds "7"]
[EventCountry "GER"]
[SourceTitle "EXT 2006"]
[Source "ChessBase"]
[SourceDate "2005.11.24"]
[SourceVersion "1"]
[SourceVersionDate "2005.11.24"]
[SourceQuality "1"]

1. c4 c5 2. Nc3 Nf6 3. g3 d5 4. cxd5 Nxd5 5. Bg2 Nb6 6. d3 e5 7. a4 Bd6 8. a5 N6d7 9. a6 Nc6 10. Qa4 Ndb8 11. Be3 0-0 12. axb7 Bxb7 13. Nh3 Qd7 14. 0-0 Nd8 15. Qxd7 Nxd7 16. Nb5 Bxg2 17. Kxg2 Bb8 18. Ra6 Re8 19. Rfa1 Re6 20. Ng5 Rxa6 21. Rxa6 Kf8 22. Nxh7+ Ke7 23. Ng5 f5 24. f3 f4 25. Bf2 Nb7 26. Ne4 1-0